000 00295nam a22001457a 4500
020 _a9427234186
041 _aENG
100 _aMeriam .J.L
245 _aEngineening meehanics Vol-2
260 _apune
_bjohn will
_c1996
300 _a522
650 _aFS
700 _aKraige L.G
856 _uFS
999 _c272
_d272